000 00871nam a2200253Ia 4500
003 OSt
005 20260113101649.0
008 210716s2002 xx 000 0 und d
020 _a8178087936
040 _cAIMIT LIBRARY
041 _aeng
082 _a006.42
_21
_bRAOK
100 _aRao, K R.
_9251003
245 _aMultimedia communication systems :
_btechniques standards and networks /
_cBy K R Rao, Zoran S Bojkovic and Dragorad A Milovanovic.
250 _a1st ed.
260 _aNew Delhi :
_bPearson Education ,
_c2002.
300 _axxvi,544p. ;
_bPB
_c24.5 cm
650 _aAudio- visual integration
_9251004
650 _aMultimedia processing in communications
_9251005
650 _aDistributed multimedia systems
_9251006
700 _aBojkovic, Zoran S.
_9251007
700 _aMilovanovic, Dragorad A.
_9251008
942 _2ddc
_cBK
_e1st
_k006.42 RAOK
999 _c186009
_d186009